Countries by Marvel MCU Movies - Statistics

General Stats
  • This quiz has been taken 197 times
    72 since last reset
  • The average score is 72 of 86
Answers on the Map
Answers color-coded by a green-red scale on the quiz's map according to % correct below.
 
Answer Stats
Country Franchise % Correct
Afghanistan Iron Man
98%
China Iron Man
98%
France Iron Man
98%
Kuwait Iron Man
98%
Monaco Iron Man
98%
Pakistan Iron Man
98%
Russia Iron Man
98%
Switzerland Iron Man
98%
United States Iron Man
98%
Austria Captain America
97%
Belgium Captain America
97%
Czech Republic Captain America
97%
France Captain America
97%
Germany Captain America
97%
Greece Captain America
97%
Italy Captain America
97%
Mexico Captain America
97%
Nigeria Captain America
97%
Norway Captain America
97%
Poland Captain America
97%
Romania Captain America
97%
Russia Captain America
97%
United Kingdom Captain America
97%
United States Captain America
97%
Norway Thor
92%
United Kingdom Thor
92%
United States Thor
92%
Germany Avengers
88%
India Avengers
88%
Japan Avengers
88%
Norway Avengers
88%
Russia Avengers
88%
South Africa Avengers
88%
South Korea Avengers
88%
United States Avengers
88%
United Kingdom Avengers
87%
Austria Black Panther
87%
Haiti Black Panther
87%
Mali Black Panther
87%
South Korea Black Panther
87%
Switzerland Black Panther
87%
United Kingdom Black Panther
87%
United States Black Panther
87%
Brazil Hulk
85%
Canada Hulk
85%
Guatemala Hulk
85%
Mexico Hulk
85%
United States Hulk
85%
Austria Spider-Man
83%
Czech Republic Spider-Man
83%
Germany Spider-Man
83%
India Spider-Man
83%
Italy Spider-Man
83%
Mexico Spider-Man
83%
Netherlands Spider-Man
83%
United Kingdom Spider-Man
83%
United States Spider-Man
83%
Belarus Black Widow
82%
Cuba Black Widow
82%
Hungary Black Widow
82%
Morocco Black Widow
82%
Norway Black Widow
82%
Russia Black Widow
82%
United States Black Widow
82%
China Shang-Chi
78%
Nepal Shang-Chi
78%
United States Shang-Chi
78%
China Doctor Strange
77%
Nepal Doctor Strange
77%
United Kingdom Doctor Strange
77%
United States Doctor Strange
77%
Argentina Ant-Man
75%
Germany Ant-Man
75%
United States Ant-Man
75%
Australia Eternals
65%
Brazil Eternals
65%
India Eternals
65%
Iraq Eternals
65%
Japan Eternals
65%
Mexico Eternals
65%
United Kingdom Eternals
65%
United States Eternals
65%
United States Guardians of the Galaxy
63%
United States The Marvels
37%
Malaysia Thunderbolts
37%
United States Thunderbolts
37%
No matching quizzes found
Score Distribution
Percent of People with Each Score
Percentile by Number Answered
Your Score History
You have not taken this quiz since the last reset